Quiz del Futbol Club Barcelona - Estadísticas

Estadísticas generales
  • Esta prueba ha sido intentada 32 veces
  • La puntuación promedio es 19 de 22
Estadísticas de respuestas
Hint Respuesta % Correcto
Cuantas Champions League ha ganado 5
100%
El ultimo jugador del Barcelona en ganar un Balon de oro Lionel Messi (2023)
100%
Quien es su maximo goleador Lionel Messi (672)
100%
Con que equipo disputa el derbi Barceloní RCD Espanyol
100%
Cuanto salio el ultimo clasico frente al Real Madrid 2-0
97%
Y el primero Luis Suarez Miramontes (1960)
97%
Y su venta mas cara Neymar Jr (222M)
97%
Cuando gano su ultima Champions League 2015
93%
Quien es su entrenador a la fecha Hansi Flick
93%
Quien es su entrenador mas ganador Josep Guardiola (14)
93%
Como se llama su estadio oficial Spotify Camp Nou
93%
Cuando gano su historico sextete 2009
90%
Cuantas ligas españolas ha ganado 29
90%
Quien es su actual presidente Joan Laporta
90%
En que año se fundo 1899
86%
Quien es el jugador mas joven en marcar con el Barcelona Lamine Yamal (16)
86%
Que marca hace sus camisetas hasta la fecha Nike
83%
Cual es su fichaje mas caro Ousmane Dembele (148M)
79%
Quien marco el gol decisivo para darle su primera Champions League Ronald Koeman
72%
Y que patrocinador tiene en su camiseta Spotify
72%
Cuantos socios fundaron el club 11
55%
Que jugadores del Barcelona hicieron la historica MSN Messi, Suarez, Neymar
48%
No se encontraron pruebas coincidentes
Distribución de puntuación
Porcentaje de gente con cada puntuación
Porcentaje por número respondido
Historial de tus puntuaciones
No has intentado esta prueba.